Introducción a la mediología
Uloženo v:
| Hlavní autor: | |
|---|---|
| Médium: | Kniha |
| Jazyk: | španělština |
| Vydáno: |
Barcelona
Paidós
2001
|
| Edice: | Paidós Comunicación, 125
|
| Témata: | |
| Tagy: |
Přidat tag
Žádné tagy, Buďte první, kdo vytvoří štítek k tomuto záznamu!
|
MARC
| LEADER | 00000nam a2200000 a 4500 | ||
|---|---|---|---|
| 001 | UCM0748 | ||
| 003 | CL-VaPUC | ||
| 008 | 020308e20010000SP |||||||||||||||||spa|d | ||
| 082 | 0 | 4 | |a 302.2 |b DEB |2 21 |
| 100 | |a Debray, Régis |e author |9 599931 | ||
| 245 | 1 | 0 | |a Introducción a la mediología |
| 300 | |a 287 p | ||
| 942 | |c BK | ||
| 945 | |d 20020308 00:00:00 |a vberengu | ||
| 260 | |a Barcelona |b Paidós |c 2001 | ||
| 650 | 7 | |a MEDIOLOGIA |2 CL-VaPUC |9 467704 | |
| 650 | 0 | |a Comunicación |9 257251 | |
| 650 | 7 | |a TRANSMISION |2 CL-VaPUC |9 378511 | |
| 583 | |a last modification |c 20020308 00:00:00 |k Rodrigo Vera | ||
| 490 | 0 | |a Paidós Comunicación, 125 | |
| 999 | |c 299582 |d 299580 | ||
| 952 | |0 0 |1 0 |4 0 |6 302_200000000000000_DEB_2001 |7 0 |8 A |9 356278 |a BIBCUR |b BIBCUR |d 2019-11-21 |i 3776573 |o 302.2 DEB 2001 |p 3776573 |r 2025-04-22 |w 2019-11-21 |y BK |k PER | ||